[Event "RUS-chT Premier 2019"]
[Site "Sochi"]
[Date "2019.05.04"]
[Round "4.24"]
[White "Nozdrachev, Leonid"]
[Black "Kryakvin, Dmitry"]
[Result "1/2-1/2"]
[WhiteElo "2367"]
[BlackElo "2588"]
[Annotator "ChessBase"]
[PlyCount "117"]
[EventDate "2019.04.30"]
[EventType "team-tourn"]
[EventCountry "RUS"]
[SourceTitle "playchess.com"]
[Source "ChessBase"]
[SourceQuality "1"]
[TimeControl "40/5400+30:1800+30"]

1. d4 {[%emt 0:00:00]} d5 {[%emt 0:00:00]} 2. c4 {[%emt 0:00:31]} c6 {[%emt 0:00:14]} 3. Nc3 {[%emt 0:01:17]} Nf6 {[%emt 0:00:16]} 4. e3 {[%emt 0:01:05]} a6 {[%emt 0:01:14]} 5. a4 {[%emt 0:01:13]} e6 {[%emt 0:04:40]} 6. Nf3 {[%emt 0:01:22]} c5 {[%emt 0:01:10]} 7. Be2 {[%emt 0:04:42]} Nc6 {[%emt 0:01:42]} 8. O-O {[%emt 0:00:24]} dxc4 {[%emt 0:04:23]} 9. Bxc4 {[%emt 0:00:42]} Be7 {[%emt 0:02:35]} 10. dxc5 {[%emt 0:11:29]} Qxd1 {[%emt 0:05:05]} 11. Rxd1 {[%emt 0:00:19]} Bxc5 {[%emt 0:00:06]} 12. Nd4 {[%emt 0:10:23]} Bd7 {[%emt 0:05:21]} 13. Nb3 {[%emt 0:03:36]} Ba7 {[%emt 0:07:21]} 14. a5 {[%emt 0:06:15]} Rc8 {[%emt 0:06:30]} 15. Nd2 {[%emt 0:16:22]} O-O {[%emt 0:05:41]} 16. Nde4 {[%emt 0:09:58]} Nxe4 {[%emt 0:01:01]} 17. Nxe4 {[%emt 0:03:32]} Nxa5 {[%emt 0:05:51]} 18. Rxd7 {[%emt 0:03:45]} Rxc4 {[%emt 0:01:06]} 19. Nd2 {[%emt 0:03:10]} Rc2 {[%emt 0:03:18]} 20. b4 {[%emt 0:00:45]} Rfc8 {[%emt 0:00:31]} 21. bxa5 {[%emt 0:06:23]} Rxc1+ {[%emt 0:00:20]} 22. Rxc1 {[%emt 0:00:06]} Rxc1+ {[%emt 0:00:05]} 23. Nf1 {[%emt 0:00:05]} Bc5 {[%emt 0:00:49]} 24. Rxb7 {[%emt 0:07:33]} Ra1 {[%emt 0:00:29]} 25. g4 {[%emt 0:00:26]} Rxa5 {[%emt 0:02:16]} 26. Nd2 {[%emt 0:01:24]} Ra4 {[%emt 0:02:40]} 27. g5 {[%emt 0:04:02]} h6 {[%emt 0:03:15]} 28. gxh6 {[%emt 0:00:26]} gxh6 {[%emt 0:00:05]} 29. Nf3 {[%emt 0:00:35]} Rb4 {[%emt 0:06:15]} 30. Rc7 {[%emt 0:00:21]} Rb5 {[%emt 0:01:23]} 31. Nd4 {[%emt 0:01:56]} Bxd4 {[%emt 0:02:48]} 32. exd4 {[%emt 0:00:01]} Rg5+ {[%emt 0:02:44]} 33. Kf1 {[%emt 0:00:03]} Kg7 {[%emt 0:00:15]} 34. f3 {[%emt 0:01:31]} h5 {[%emt 0:09:45]} 35. Ra7 {[%emt 0:00:58]} a5 {[%emt 0:01:52]} 36. h4 {[%emt 0:00:16]} Rf5 {[%emt 0:06:52]} 37. Kf2 {[%emt 0:00:32]} Kf8 {[%emt 0:00:13]} 38. Ke3 {[%emt 0:00:54]} Ke8 {[%emt 0:00:12]} 39. Ke4 {[%emt 0:00:26]} Rb5 {[%emt 0:05:56]} 40. Kf4 {[%emt 0:00:00]} Rd5 {[%emt 0:00:00]} 41. Ke3 {[%emt 0:05:59]} f6 {[%emt 0:03:38]} 42. Ke4 {[%emt 0:01:27]} Kd8 {[%emt 0:03:10]} 43. Ke3 {[%emt 0:01:42]} Kc8 {[%emt 0:00:47]} 44. Ke4 {[%emt 0:01:53]} f5+ {[%emt 0:08:09]} 45. Ke3 {[%emt 0:01:18]} Kb8 {[%emt 0:00:58]} 46. Ra6 {[%emt 0:01:43]} Kb7 {[%emt 0:01:07]} 47. Rxe6 {[%emt 0:00:11]} a4 {[%emt 0:00:04]} 48. Kf4 {[%emt 0:03:47]} a3 {[%emt 0:01:40]} 49. Re1 {[%emt 0:01:15]} Rxd4+ {[%emt 0:02:34]} 50. Kxf5 {[%emt 0:02:32]} Rxh4 {[%emt 0:00:33]} 51. Kg5 {[%emt 0:01:28]} Rh2 {[%emt 0:00:40]} 52. f4 {[%emt 0:01:02]} h4 {[%emt 0:00:23]} 53. f5 {[%emt 0:00:29]} h3 {[%emt 0:00:33]} 54. f6 {[%emt 0:04:33]} Rg2+ {[%emt 0:01:52]} 55. Kh6 {[%emt 0:03:45]} h2 {[%emt 0:00:37]} 56. Rh1 {[%emt 0:00:12]} a2 {[%emt 0:04:18]} 57. f7 {[%emt 0:00:23]} Rf2 {[%emt 0:02:42]} 58. Kg7 {[%emt 0:00:23]} Rg2+ {[%emt 0:00:03]} 59. Kh6 {[%emt 0:00:11]} 1/2-1/2

[Event "RUS-chT Premier 2019"]
[Site "Sochi"]
[Date "2019.05.04"]
[Round "4.25"]
[White "Schekachikhin, Maksim"]
[Black "Malakhov, Vladimir"]
[Result "0-1"]
[WhiteElo "2424"]
[BlackElo "2660"]
[Annotator "TA"]
[PlyCount "92"]
[EventDate "2019.04.30"]
[EventType "team-tourn"]
[EventCountry "RUS"]
[SourceTitle "playchess.com"]
[Source "ChessBase"]
[SourceQuality "1"]

{[%evp 21,92,16,20,9,18,12,22,10,14,17,32,14,12,0,0,-17,-8,-40,-47,-29,-43,-35,-58,-77,-66,-103,-62,-236,-124,-131,-144,-143,-113,-218,-245,-325,-321,-253,-120,-144,-137,-137,-133,-120,-120,-252,-270,-264,-249,-280,-289,-273,-250,-367,-363,-439,-431,-739,-732,-666,-663,-907,-893,-875,-875,-1208,-1208,-1113,-1077,-1003,-977,-904,-717]} 1. d4 d5 2. c4 c6 3. Nc3 Nf6 4. Nf3 dxc4 5. a4 Bf5 6. e3 e6 7. Bxc4 Bb4 8. O-O Nbd7 9. Nh4 Bg6 10. Nxg6 hxg6 11. h3 O-O 12. Qe2 {D18: Slav Defence: 5 a4 Bf5 6 e3} (12. Qb3 Qb6 13. Rd1 Rad8 14. Bd2 Ba5 15. Rac1 c5 16. d5 Bxc3 17. Bxc3 Qxb3 18. Bxb3 Nxd5 19. Bxd5 exd5 20. Rxd5 Nb6 21. Rxc5 Nxa4 {1-0 (45) Ponomariov,R (2706)-Najer,E (2687) Dortmund 2016}) 12... Re8 13. Rd1 $146 ({Predecessor:} 13. Qc2 a5 14. Ne2 Nh5 15. e4 Qh4 16. Be3 g5 17. f3 Nf4 {1-0 (55) Al Hamlan,F (1974)-Abdalsalam,A (2030) Marrakesh 2014}) 13... Qa5 14. Bd2 {The position is equal.} Nb6 15. Bb3 e5 {And now ...exd4 would win.} 16. dxe5 Qxe5 17. Be1 a5 18. Qd3 g5 19. g3 Nbd7 20. Bc2 g6 21. Kg2 Rad8 22. Rac1 Kg7 23. Qc4 Qe7 24. Bb3 $2 {[#]} (24. g4 $15) 24... Rh8 (24... g4 $1 $19 {[%mdl 512]} 25. hxg4 Ne5 {[%mdl 64] Double Attack}) 25. Qe2 $17 Rh7 26. Bd2 Ne5 27. Nb1 (27. e4 $17 {was called for.} Rdh8 28. Rh1) 27... Nd3 (27... Qd7 28. h4 $1 $17 {[%mdl 512]}) 28. Bxb4 axb4 29. Rc4 b5 $40 {[%mdl 128] Black wants a kill.} (29... Qd7 $19 {is more deadly.} 30. g4 Qd5+ 31. f3 Qe5 32. Qxd3 (32. Rxd3 $2 Rxh3 33. f4 gxf4 $19) 32... Rxd3 33. Rxd3 Qxb2+ 34. Nd2 Qa1) 30. Rxd3 {Threatens to win with axb5.} Rxd3 ({Don't take} 30... bxc4 31. Rxd8 Qxd8 32. Qxc4 $17) 31. Qxd3 bxc4 32. Qxc4 {[#]} Qe4+ $1 33. f3 (33. Qxe4 $17 {only move.} Nxe4 34. Bc2) 33... Qxc4 $19 ({And not} 33... Qxe3 34. Qxf7+ Kh6 35. Qxf6 $11) 34. Bxc4 {[%mdl 4096] Endgame KRN-KBN} Rh8 35. Nd2 Rd8 36. Nb3 Nd5 37. Bxd5 (37. Be2 $142) 37... Rxd5 {KR-KN} (37... cxd5 $2 38. Nd4 $19) 38. Kf2 Rd3 {Black is clearly winning.} 39. Na5 (39. Nc5 $142 Rd2+ {[%mdl 64] Double Attack} 40. Ke1 Rxb2 41. Nd3) 39... Rd2+ {[%mdl 64] Double Attack} 40. Ke1 Rxb2 41. Nxc6 b3 {( -> ...Rh2)} 42. Nd4 {[#]} Rf2 $1 {[%mdl 512]} 43. Nxb3 (43. Kxf2 b2) 43... Rxf3 44. Ke2 Rxg3 45. a5 Rxh3 46. a6 Rh2+ {Accuracy: White = 26%, Black = 71%.} 0-1

[Event "RUS-chT Premier 2019"]
[Site "Sochi"]
[Date "2019.05.04"]
[Round "4.26"]
[White "Zvjaginsev, Vadim"]
[Black "Duzhakov, Ilya"]
[Result "1-0"]
[WhiteElo "2635"]
[BlackElo "2388"]
[Annotator "TA"]
[PlyCount "47"]
[EventDate "2019.04.30"]
[EventType "team-tourn"]
[EventCountry "RUS"]
[SourceTitle "playchess.com"]
[Source "ChessBase"]
[SourceQuality "1"]

{[%evp 10,47,-8,-17,15,-12,0,0,12,10,14,-1,12,17,25,26,20,24,29,13,21,29,27,23,32,42,45,50,168,176,172,170,354,360,338,285,292,284,493,493]} 1. Nf3 Nf6 2. g3 d5 3. Bg2 c5 4. O-O e6 5. d3 Nc6 6. Nbd2 g6 {A08: King's Indian Attack} (6... Be7 7. e4 O-O 8. Re1 b5 9. a4 b4 10. exd5 Nxd5 11. Nc4 Bb7 12. Bd2 Rc8 13. h4 h6 14. Kh2 Bf6 15. Re2 Nb6 16. Nxb6 Qxb6 17. Rb1 Ne7 {0-1 (42) Miroshnichenko,E (2606)-Sevian,S (2641) Saint Louis 2018}) 7. b3 Bg7 8. Bb2 O-O {The position is equal.} 9. Ne5 Bd7 10. c4 $146 ({Predecessor:} 10. Ndf3 Nxe5 11. Nxe5 Be8 12. Nf3 b5 13. Nd2 Rc8 14. c4 Bc6 15. Rc1 Qb6 16. Rc2 bxc4 17. dxc4 {0-1 (55) Calderon,R-Tejada,H Cucuta 1963}) 10... Nxe5 11. Bxe5 Bc6 12. cxd5 Bxd5 13. e4 Bc6 $1 14. Nc4 Nd7 15. Bxg7 Kxg7 16. Rc1 b5 17. Ne3 Qb6 18. Qd2 Rfd8 {[#]} (18... a5 $14) 19. Qc3+ $1 $18 ({But not} 19. Ng4 $6 h5 $11) 19... f6 20. b4 {[%cal Bb3b4,Bb4c5][%mdl 32]} Ne5 $2 (20... c4) 21. bxc5 Qb7 22. d4 b4 {[#]} 23. Qa1 $1 b3 $2 (23... Nd3 {might work better.} 24. Rcd1 Qa6) 24. Rb1 {Accuracy: White = 79%, Black = 34%.} ({Weaker is} 24. dxe5 b2 $18) 1-0

[Event "RUS-chT Premier 2019"]
[Site "Sochi"]
[Date "2019.05.04"]
[Round "4.27"]
[White "Vlasenko, Miroslav"]
[Black "Kobalia, Mikhail"]
[Result "1/2-1/2"]
[WhiteElo "2424"]
[BlackElo "2610"]
[Annotator "RC"]
[PlyCount "97"]
[EventDate "2019.04.30"]
[EventType "team-tourn"]
[EventCountry "RUS"]
[SourceTitle "playchess.com"]
[Source "ChessBase"]
[SourceQuality "1"]
[TimeControl "40/5400+30:1800+30"]

1. d4 {[%emt 0:00:00]} g6 {[%emt 0:00:00]} 2. e4 {[%emt 0:00:15]} d6 {[%emt 0:00:24]} 3. c4 {[%emt 0:00:18]} Nf6 {[%emt 0:00:33]} 4. Nc3 {[%emt 0:00:05]} Bg7 {[%emt 0:00:04]} 5. Bg5 {[%emt 0:00:31]} O-O {[%emt 0:00:55]} 6. h3 {[%emt 0:00:04]} Nbd7 {[%emt 0:04:24]} 7. Nf3 {[%emt 0:01:02]} e5 {[%emt 0:00:52]} 8. d5 {[%emt 0:00:12]} a5 {[%emt 0:08:42]} 9. g4 {[%emt 0:01:14]} Nc5 {[%emt 0:00:41]} 10. Nd2 {[%emt 0:00:18]} c6 {[%emt 0:05:32]} 11. Be2 {[%emt 0:05:21]} a4 {[%emt 0:02:27]} 12. b4 {[%emt 0:34:51]} axb3 {[%emt 0:04:29]} 13. axb3 {[%emt 0:02:09]} Rxa1 {[%emt 0:00:03]} 14. Qxa1 {[%emt 0:00:07]} Na6 {[%emt 0:00:25]} 15. Qb2 {[%emt 0:15:18]} c5 {[%emt 0:00:45]} 16. Nf1 {[%emt 0:00:35]} h6 {[%emt 0:02:05]} 17. Bh4 {[%emt 0:01:49]} Qa5 {[%emt 0:01:19]} 18. f3 {[%emt 0:00:41]} Nh7 {[%emt 0:10:20]} 19. Ne3 {[%emt 0:04:37]} f5 {[%emt 0:08:14]} 20. O-O {[%emt 0:01:07]} fxg4 {[%emt 0:05:32]} 21. fxg4 {[%emt 0:02:09]} Bf6 {[%emt 0:00:12]} 22. Be1 {[%emt 0:04:23]} Qd8 {[%emt 0:00:51]} 23. Ng2 {[%emt 0:00:25]} Bd7 {[%emt 0:06:12]} 24. h4 {[%emt 0:03:21]} Qc8 {[%emt 0:02:47]} 25. Qc1 {[%emt 0:02:28]} g5 {[%emt 0:06:58]} 26. Qd1 {[%emt 0:09:37]} gxh4 {[%emt 0:03:06]} 27. Nxh4 {[%emt 0:00:12]} Bxh4 {[%emt 0:00:27]} 28. Bxh4 {[%emt 0:00:20]} Ng5 {[%emt 0:01:23]} 29. Kg2 {[%emt 0:01:13]} Rxf1 {[%emt 0:00:58]} 30. Qxf1 {[%emt 0:01:26]} Kg7 {[%emt 0:04:29]} 31. Bxg5 {[%emt 0:03:36]} hxg5 {[%emt 0:00:02]} 32. Nd1 {[%emt 0:01:48]} Qf8 {[%emt 0:04:22]} 33. Qxf8+ {[%emt 0:02:19]} Kxf8 {[%emt 0:00:01]} 34. Nf2 {[%emt 0:00:46]} Ke7 {[%emt 0:00:04]} 35. Kf3 {[%emt 0:00:41]} Nc7 {[%emt 0:09:10]} 36. Ke3 {[%emt 0:00:21]} Ne8 {[%emt 0:00:29]} 37. Nh3 {[%emt 0:00:39]} Nf6 {[%emt 0:00:58]} 38. Nxg5 {[%emt 0:01:04]} Nxg4+ {[%emt 0:00:04]} 39. Bxg4 {[%emt 0:01:20]} Bxg4 {[%emt 0:00:02]} 40. Nf3 {[%emt 0:00:00]} Kf6 {[%emt 0:00:00]} 41. Nd2 {[%emt 0:03:01]} Bd1 {[%emt 0:18:09]} 42. Kd3 {[%emt 0:00:14]} Kg5 {[%emt 0:00:08]} 43. Ke3 {[%emt 0:01:46]} b6 {[%emt 0:04:27]} 44. Kd3 {[%emt 0:00:29]} Kf6 {[%emt 0:05:54]} 45. Kc3 {[%emt 0:00:43]} Kg6 {[%emt 0:01:14]} 46. Nb1 {[%emt 0:01:37]} Bg4 {[%emt 0:01:37]} 47. b4 {[%emt 0:00:21]} Bf3 {[%emt 0:01:36]} 48. bxc5 {[%emt 0:00:53]} bxc5 {[%emt 0:00:09]} 49. Kd3 {[%emt 0:00:26]} 1/2-1/2

[Event "RUS-chT Premier 2019"]
[Site "Sochi"]
[Date "2019.05.04"]
[Round "4.28"]
[White "Grachev, Boris"]
[Black "Lintchevski, Daniil"]
[Result "1-0"]
[WhiteElo "2615"]
[BlackElo "2525"]
[Annotator "TA"]
[PlyCount "59"]
[EventDate "2019.04.30"]
[EventType "team-tourn"]
[EventCountry "RUS"]
[SourceTitle "playchess.com"]
[Source "ChessBase"]
[SourceQuality "1"]

{[%evp 19,59,20,24,26,20,16,22,15,12,16,23,20,29,45,37,35,41,37,45,46,50,34,54,47,35,37,53,45,41,32,33,28,49,22,160,107,86,98,570,551,744,715]} 1. c4 c5 2. Nf3 Nc6 3. Nc3 g6 4. e3 Nf6 5. d4 cxd4 6. exd4 d5 7. cxd5 Nxd5 8. Qb3 Nxc3 9. Bc4 e6 10. bxc3 Bg7 11. Ba3 {Hoping for d5. A35: Symmetrical English: 2 Nc3 Nc6 3 Nf3} Bf8 12. Bd3 $146 ({Predecessor:} 12. O-O Bxa3 13. Qxa3 Qe7 14. Qb2 O-O 15. Rfe1 Qc7 16. Bb3 b6 17. c4 Na5 18. d5 exd5 19. cxd5 {1-0 (45) Le,Q (2714)-Lintchevski,D (2516) St Petersburg 2018}) 12... Bxa3 13. Qxa3 {The position is equal.} Qe7 14. Qc1 O-O 15. Qh6 f6 16. O-O Qg7 17. Qe3 Bd7 18. Rfe1 Rae8 19. Nd2 Ne7 20. Be4 (20. Ne4 {feels hotter.} Nf5 21. Qe2 Kh8 22. Qb2 Bc8 23. Bb5) 20... Bc6 21. Bxc6 Nxc6 22. Ne4 b6 23. Nd6 Re7 24. Qf3 Nd8 25. c4 $36 {[%cal Bc3c4,Bc4c5][%mdl 2080] White has the initiative.} Nf7 26. c5 Nxd6 (26... Rd8 $11 {keeps the balance.}) 27. cxd6 $16 Ree8 28. Rac1 {aiming for Rc7.} Qd7 $2 {[%mdl 8192] [#]} (28... Rc8 $16 {is a better chance.}) 29. Rc7 $1 $18 {[%cal Rc7d7]} Qxd6 {[#]} 30. Qb7 $1 {Accuracy: White = 84%, Black = 52%.} 1-0

[Event "RUS-chT Premier 2019"]
[Site "Sochi"]
[Date "2019.05.04"]
[Round "4.29"]
[White "Levin, Evgeny A."]
[Black "Popov, Ivan"]
[Result "1/2-1/2"]
[WhiteElo "2516"]
[BlackElo "2600"]
[Annotator "RC"]
[PlyCount "80"]
[EventDate "2019.04.30"]
[EventType "team-tourn"]
[EventCountry "RUS"]
[SourceTitle "playchess.com"]
[Source "ChessBase"]
[SourceQuality "1"]
[TimeControl "40/5400+30:1800+30"]

1. d4 {[%emt 0:00:00]} d5 {[%emt 0:00:00]} 2. c4 {[%emt 0:00:00]} dxc4 {[%emt 0:00:00]} 3. e4 {[%emt 0:00:00]} e5 {[%emt 0:00:36]} 4. Nf3 {[%emt 0:00:34]} exd4 {[%emt 0:00:13]} 5. Bxc4 {[%emt 0:00:21]} Bb4+ {[%emt 0:00:21]} 6. Nbd2 {[%emt 0:00:38]} Nc6 {[%emt 0:00:44]} 7. O-O {[%emt 0:00:23]} Nf6 {[%emt 0:00:17]} 8. e5 {[%emt 0:00:40]} Nd5 {[%emt 0:00:11]} 9. Nb3 {[%emt 0:00:23]} Be7 {[%emt 0:01:32]} 10. Qe2 {[%emt 0:13:35]} O-O {[%emt 0:01:38]} 11. Rd1 {[%emt 0:05:14]} Re8 {[%emt 0:01:38]} 12. Qe4 {[%emt 0:21:37]} Nb6 {[%emt 0:08:17]} 13. Bb5 {[%emt 0:08:02]} Bd7 {[%emt 0:34:01]} 14. Nbxd4 {[%emt 0:05:43]} Nxd4 {[%emt 0:00:24]} 15. Rxd4 {[%emt 0:00:30]} c6 {[%emt 0:09:38]} 16. Bd3 {[%emt 0:19:17]} g6 {[%emt 0:00:17]} 17. Bc2 {[%emt 0:01:20]} Nd5 {[%emt 0:09:33]} 18. Bb3 {[%emt 0:00:17]} Bf5 {[%emt 0:06:48]} 19. Qe2 {[%emt 0:00:48]} Bc5 {[%emt 0:04:13]} 20. Bg5 {[%emt 0:13:50]} f6 {[%emt 0:02:39]} 21. Rxd5 {[%emt 0:01:58]} cxd5 {[%emt 0:00:02]} 22. Rd1 {[%emt 0:00:39]} fxg5 {[%emt 0:07:13]} 23. Rxd5 {[%emt 0:00:06]} Qb6 {[%emt 0:00:16]} 24. Rxc5+ {[%emt 0:02:03]} Be6 {[%emt 0:00:08]} 25. Bxe6+ {[%emt 0:01:00]} Rxe6 {[%emt 0:01:04]} 26. Qc4 {[%emt 0:00:37]} Rd8 {[%emt 0:01:21]} 27. Nd4 {[%emt 0:03:02]} Kh8 {[%emt 0:00:40]} 28. h4 {[%emt 0:00:34]} Ree8 {[%emt 0:03:06]} 29. Rc7 {[%emt 0:00:46]} Rf8 {[%emt 0:01:09]} 30. Rf7 {[%emt 0:00:29]} Rxf7 {[%emt 0:06:00]} 31. Qxf7 {[%emt 0:00:02]} Qxd4 {[%emt 0:00:35]} 32. Qf6+ {[%emt 0:00:03]} Kg8 {[%emt 0:00:03]} 33. Qe6+ {[%emt 0:00:04]} Kh8 {[%emt 0:00:12]} 34. Qf6+ {[%emt 0:00:02]} Kg8 {[%emt 0:00:04]} 35. Qe6+ {[%emt 0:00:05]} Kh8 {[%emt 0:00:02]} 36. Qf6+ {[%emt 0:00:04]} Kg8 {[%emt 0:00:03]} 37. Qe6+ {[%emt 0:00:05]} Kh8 {[%emt 0:00:02]} 38. Qf6+ {[%emt 0:00:04]} Kg8 {[%emt 0:00:03]} 39. Qe6+ {[%emt 0:00:04]} Kh8 {[%emt 0:00:02]} 40. Qf6+ {[%emt 0:00:00]} Kg8 {[%emt 0:00:00]} 1/2-1/2

[Event "RUS-chT Premier 2019"]
[Site "Sochi"]
[Date "2019.05.04"]
[Round "4.30"]
[White "Gordievsky, Dmitry"]
[Black "Ionov, Sergey"]
[Result "1/2-1/2"]
[WhiteElo "2585"]
[BlackElo "2530"]
[Annotator "ChessBase"]
[PlyCount "98"]
[EventDate "2019.04.30"]
[EventType "team-tourn"]
[EventCountry "RUS"]
[SourceTitle "playchess.com"]
[Source "ChessBase"]
[SourceQuality "1"]
[TimeControl "40/5400+30:1800+30"]

1. Nf3 {[%emt 0:00:00]} d5 {[%emt 0:00:00]} 2. d4 {[%emt 0:00:19]} Nf6 {[%emt 0:00:45]} 3. c4 {[%emt 0:00:49]} e6 {[%emt 0:01:11]} 4. Nc3 {[%emt 0:04:10]} Be7 {[%emt 0:02:45]} 5. Bf4 {[%emt 0:01:42]} O-O {[%emt 0:00:08]} 6. a3 {[%emt 0:01:21]} b6 {[%emt 0:04:18]} 7. Qc2 {[%emt 0:01:20]} c5 {[%emt 0:05:58]} 8. Rd1 {[%emt 0:00:35]} Bb7 {[%emt 0:12:39]} 9. cxd5 {[%emt 0:03:13]} exd5 {[%emt 0:03:57]} 10. e3 {[%emt 0:02:48]} Nbd7 {[%emt 0:00:09]} 11. Bd3 {[%emt 0:05:06]} a6 {[%emt 0:10:21]} 12. O-O {[%emt 0:04:59]} Re8 {[%emt 0:07:33]} 13. Bg3 {[%emt 0:05:24]} c4 {[%emt 0:05:55]} 14. Bf5 {[%emt 0:02:22]} g6 {[%emt 0:03:54]} 15. Bh3 {[%emt 0:00:15]} Nh5 {[%emt 0:00:52]} 16. Bh4 {[%emt 0:13:09]} Bxh4 {[%emt 0:05:00]} 17. Nxh4 {[%emt 0:02:47]} Qxh4 {[%emt 0:04:33]} 18. Bxd7 {[%emt 0:00:05]} Red8 {[%emt 0:01:01]} 19. g3 {[%emt 0:06:22]} Qe7 {[%emt 0:00:27]} 20. Bh3 {[%emt 0:00:27]} b5 {[%emt 0:00:53]} 21. Bg2 {[%emt 0:00:39]} f5 {[%emt 0:00:54]} 22. Rfe1 {[%emt 0:10:23]} Nf6 {[%emt 0:01:16]} 23. f3 {[%emt 0:01:47]} Re8 {[%emt 0:02:33]} 24. h3 {[%emt 0:02:50]} Qd7 {[%emt 0:11:48]} 25. g4 {[%emt 0:01:11]} fxg4 {[%emt 0:00:06]} 26. fxg4 {[%emt 0:07:20]} a5 {[%emt 0:05:12]} 27. Rf1 {[%emt 0:03:29]} Ra6 {[%emt 0:00:48]} 28. g5 {[%emt 0:06:20]} Nh5 {[%emt 0:01:52]} 29. Qf2 {[%emt 0:00:06]} Raa8 {[%emt 0:01:24]} 30. Qf3 {[%emt 0:04:40]} Rad8 {[%emt 0:00:14]} 31. Rde1 {[%emt 0:02:00]} Bc6 {[%emt 0:00:38]} 32. Ne2 {[%emt 0:01:26]} b4 {[%emt 0:03:48]} 33. axb4 {[%emt 0:01:16]} axb4 {[%emt 0:00:01]} 34. h4 {[%emt 0:03:10]} Qe7 {[%emt 0:01:39]} 35. Nf4 {[%emt 0:02:41]} Nxf4 {[%emt 0:00:53]} 36. Qxf4 {[%emt 0:00:08]} Rf8 {[%emt 0:00:42]} 37. Qe5 {[%emt 0:01:04]} Qxe5 {[%emt 0:01:04]} 38. dxe5 {[%emt 0:00:06]} Rfe8 {[%emt 0:01:10]} 39. Rf6 {[%emt 0:00:22]} Ba8 {[%emt 0:00:20]} 40. Ra1 {[%emt 0:00:00]} Rxe5 {[%emt 0:00:00]} 41. Ra7 {[%emt 0:04:59]} c3 {[%emt 0:09:58]} 42. bxc3 {[%emt 0:00:14]} bxc3 {[%emt 0:00:37]} 43. Rff7 {[%emt 0:02:43]} Rxe3 {[%emt 0:04:38]} 44. Rg7+ {[%emt 0:00:22]} Kf8 {[%emt 0:00:37]} 45. Rxh7 {[%emt 0:00:50]} Kg8 {[%emt 0:00:17]} 46. Rag7+ {[%emt 0:00:49]} Kf8 {[%emt 0:00:07]} 47. Rc7 {[%emt 0:01:44]} Kg8 {[%emt 0:00:23]} 48. Rhg7+ {[%emt 0:01:26]} Kh8 {[%emt 0:01:46]} 49. Rh7+ {[%emt 0:05:57]} Kg8 {[%emt 0:00:39]} 1/2-1/2

[Event "RUS-chT Premier 2019"]
[Site "Sochi"]
[Date "2019.05.05"]
[Round "5.1"]
[White "Inarkiev, Ernesto"]
[Black "Lobanov, Sergei"]
[Result "1-0"]
[WhiteElo "2691"]
[BlackElo "2513"]
[Annotator "TA"]
[PlyCount "59"]
[EventDate "2019.05.01"]
[EventType "team-tourn"]
[EventCountry "RUS"]
[SourceTitle "playchess.com"]
[Source "ChessBase"]
[SourceQuality "1"]

{[%evp 22,59,26,16,35,35,27,32,69,44,50,34,39,36,31,29,32,24,32,39,28,37,122,115,104,97,124,116,116,115,123,120,159,154,141,146,170,131,395,384]} 1. d4 Nf6 2. c4 e6 3. Nc3 Bb4 4. Nf3 b6 5. e3 Bb7 6. Bd3 c5 7. O-O O-O 8. Na4 cxd4 9. a3 Be7 10. exd4 d6 11. Re1 Nbd7 12. b4 Rc8 {E43: Nimzo-Indian: Rubinstein: 4...b6} 13. Bf4 $146 ({Predecessor:} 13. Bf1 Re8 14. Be3 Rc7 15. Rc1 Qa8 16. Nd2 Bf8 17. Nc3 a6 18. h3 Rcc8 19. Qb3 Bc6 20. Qb1 {1-0 (42) Hillarp Persson,T (2511)-Nyback,T (2571) Vammala 2005}) 13... Nh5 14. Bd2 e5 {White is slightly better.} 15. Nc3 {[%cal Rf3e5]} f5 16. dxe5 dxe5 {Threatening ...e4.} 17. Nxe5 Nxe5 18. Rxe5 Bf6 19. Re3 Nf4 $1 {[%cal Rf4d3]} 20. Bf1 $1 Bd4 21. Rg3 Qh4 (21... Ne6 $1 $14) 22. Bxf4 $16 Qxf4 23. Ra2 {[%cal Ba1a2,Ba2d2,Bd2d5][%mdl 32]} Rcd8 {[#] ...Bxc3 is the strong threat.} 24. Rd2 Bf6 25. Nd5 Bxd5 26. Rxd5 g6 {[#]} 27. Rgd3 $1 {[%cal Rd5d8]} Rxd5 28. Rxd5 Re8 29. Rd7 {Qd5+ would kill now.} Kh8 $2 {[%mdl 8192]} (29... Re7 $16) 30. Qd5 {Accuracy: White = 96%, Black = 33%.} 1-0

[Event "RUS-chT Premier 2019"]
[Site "Sochi"]
[Date "2019.05.05"]
[Round "5.2"]
[White "Usmanov, Vasily"]
[Black "Dreev, Aleksey"]
[Result "1/2-1/2"]
[WhiteElo "2437"]
[BlackElo "2662"]
[Annotator "TA"]
[PlyCount "112"]
[EventDate "2019.05.01"]
[EventType "team-tourn"]
[EventCountry "RUS"]
[SourceTitle "playchess.com"]
[Source "ChessBase"]
[SourceQuality "1"]

{[%evp 21,112,24,20,10,32,27,26,24,30,17,13,16,25,16,28,12,37,12,33,12,12,4,12,12,12,12,12,12,12,12,12,12,12,12,12,0,0,0,0,0,0,0,0,0,12,3,12,12,12,0,12,12,12,0,12,0,12,0,12,0,19,12,12,0,12,12,12,0,12,0,12,0,12,0,12,12,20,12,20,0,20,0,20,0,20,0,20,0,20,0,27,27,27]} 1. d4 d5 2. c4 c6 3. Nf3 Nf6 4. e3 Bf5 5. Bd3 Bxd3 6. Qxd3 e6 7. O-O Nbd7 8. Nc3 Bb4 9. Bd2 a5 10. a3 Bxc3 11. Bxc3 O-O 12. a4 {D12: Slav Defence: 3 Nf3 Nf6 4 e3 Bf5} Ne4 13. Nd2 Nxd2 14. Bxd2 Qb6 15. cxd5 $146 ({Predecessor:} 15. b3 Rfd8 16. Rfd1 Nf6 17. Rac1 Rd7 18. Be1 {½-½ (26) Cuenca Jimenez,J (2499)-Ortiz Suarez,I (2556) Havana 2018}) 15... exd5 16. Rfb1 Qa6 17. Qf1 Ra7 18. b3 f5 19. f3 (19. Qe1 {feels hotter.} Re8 20. Qc1 Nb6 21. Qc2 g6 22. h4) 19... Re8 20. Qxa6 Rxa6 21. Rc1 Re6 22. h3 Ra8 23. Kf2 h5 24. h4 Kf7 25. Rc2 Ke8 26. Rac1 Kd8 27. Be1 Kc7 28. Rc3 b6 29. Kf1 Rg6 30. Bg3+ Kb7 $1 ({Don't go for} 30... Rxg3 $2 31. Rxc6+ Kb7 32. Rc7+ Ka6 33. Rxd7 $18) 31. Bf4 Rc8 32. Kf2 Re6 33. Rd1 Rce8 34. Kg3 Nf8 35. Kf2 Ng6 36. Bg5 Nf8 37. Bf4 Nd7 38. Kg3 Rc8 39. Kf2 Ree8 40. Bd6 Rh8 41. Kg3 Rh6 42. Bf4 Rf6 43. Kf2 Re8 44. Bg5 Rfe6 45. Bf4 Rg8 46. Kg3 Nf8 47. Kf2 Ng6 48. Bg5 Rf8 49. Kg3 Kc7 50. Kf2 Kd7 51. Rb1 Kc7 52. Rd1 Kb7 53. Kg3 Rfe8 54. Kf2 Rc8 55. Kg3 Rd6 56. Rdc1 Re6 {Accuracy: White = 30%, Black = 41%.} 1/2-1/2